A banker's world: the revival of the city 1957-1970; speeches and writings of sir George Bolton (Record no. 354373)

MARC details
000 -LEADER
fixed length control field 00789nam a2200229Ia 4500
008 - FIXED-LENGTH DATA ELEMENTS--GENERAL INFORMATION
fixed length control field 191130s2006##################000#0#eng##
020 ## - INTERNATIONAL STANDARD BOOK NUMBER
International Standard Book Number 9780415382045
022 ## - INTERNATIONAL STANDARD SERIAL NUMBER
International Standard Serial Number 79549144
040 ## - CATALOGING SOURCE
Original cataloging agency ACL
Transcribing agency ACL
082 ## - DEWEY DECIMAL CLASSIFICATION NUMBER
Classification number 332.4941 FRY
245 ## - TITLE STATEMENT
Title A banker's world: the revival of the city 1957-1970; speeches and writings of sir George Bolton
Statement of responsibility, etc. edited by Richard Fry, with a foreword by Sir Frank Lee
260 ## - PUBLICATION, DISTRIBUTION, ETC.
Place of publication, distribution, etc. London
Name of publisher, distributor, etc. Hutchinson
Date of publication, distribution, etc. 2006
300 ## - PHYSICAL DESCRIPTION
Extent 224 p. 24 cm
500 ## - GENERAL NOTE
General note Originally published: London : Hutchinson, 1970
650 ## - SUBJECT ADDED ENTRY--TOPICAL TERM
Topical term or geographic name entry element Banks and banking - Great Britain
Topical term or geographic name entry element Finance - England - London
Topical term or geographic name entry element Monetary policy - Great Britain
700 ## - ADDED ENTRY--PERSONAL NAME
Personal name Bolton, George
990 ## - EQUIVALENCES OR CROSS-REFERENCES [LOCAL, CANADA]
Link information for 9XX fields 2e6fc2e0ac10000c4063ba9c0cd028ad
991 ## -
-- 149092

No items available.

Find us on the map